00692nam a2200157Ia 4500008004100000100002300041245010600064245011700170260005300287260001800340300000800358650001500366856006100381999001900442952007300461170221s9999 xx 000 0 und d aNina M. Stukalenko aManagement of the Psycho-Pedagogical Work on Prevention of Antisocial Behavior of Troubled Teenagers  cNina M. Stukalenko, Madina B. Zhantemirova, Aizhanа B. Abibulayeva, Zhadyra K. Ermekova, Sadybek K. Beisenbayev bInternational Review of Management and Marketing cNovember 2014 a3:1 xMarketing. uhttp://www.econjournals.com/index.php/irmm/issue/view/75 c310250d310250 001040aCLbCLd2017-02-21l0r2017-02-21 00:00:00w2017-02-21yFOJ